000
00348nam a2200133Ia 4500
008
100328s9999 xx 000 0 und d
082
_b
6578
100
_a
आपटे ह.ना.
245
_a
संत सखूबाई
260
_b
---
630
_a
संत सखूबाई
730
_a
संत सखूबाई
942
_c
BOOK
999
_c
502465
_d
502462